000 00446nam a2200157Ia 4500
008 210716s2001 xx 000 0 und d
020 _a047138383X
041 _aeng
082 _a657.0285 MOSS
100 _aMoscove, Stephen A;Simkin, Mark G;Bagranoff, Nancy A.
245 _aCore concepts of accounting information systems.
250 _a7
260 _aNew York
_bJohn Wiley and Sons
_c2001
300 _ax,502
650 _aAccounting(657)
999 _c203105
_d203105